Giáo trình an toàn lao động Sách dùng cho các trường Đào tạo hệ THCN
v.v...
Đã lưu trong:
| Tác giả chính: | |
|---|---|
| Định dạng: | Sách |
| Năm xuất bản: |
H.
Giáo dục
2002
|
| Chủ đề: | |
| Tags: |
Thêm thẻ
Không có thẻ, Hãy là người đầu tiên gắn thẻ bản ghi này!
|
| LEADER | 01396nam a2200229 4500 | ||
|---|---|---|---|
| 082 | |a 621.3028 |b NG527TH | ||
| 100 | |a Nguyễn Thế Đạt | ||
| 245 | |a Giáo trình an toàn lao động |c Nguyễn Thế Đạt |b Sách dùng cho các trường Đào tạo hệ THCN | ||
| 260 | |a H. |b Giáo dục |c 2002 | ||
| 300 | |a 175 tr. |c 24 cm | ||
| 520 | |a v.v... | ||
| 653 | |a Kỹ thuật | ||
| 653 | |a Kỹ thuật điện | ||
| 653 | |a An toàn | ||
| 653 | |a Lao động | ||
| 653 | |a Giáo trình | ||
| 942 | |2 ddc |c STK0 | ||
| 999 | |c 3728 |d 3728 | ||
| 952 | |0 0 |1 0 |2 ddc |4 0 |6 621_302800000000000_NG527TH |7 1 |8 600 |9 38298 |a qbu |b qbu |c D3 |d 2014-12-17 |g 14500 |o 621.3028 NG527TH |p 2047.c1 |r 0000-00-00 |w 2014-12-17 |y STK0 |0 0 |6 621_302800000000000_NG527TH | ||
| 952 | |0 0 |1 0 |2 ddc |4 0 |6 621_302800000000000_NG527TH |7 0 |8 600 |9 38299 |a qbu |b qbu |c D3 |d 2014-12-17 |g 14500 |o 621.3028 NG527TH |p 2047.c2 |r 0000-00-00 |w 2014-12-17 |y STK0 |0 0 |6 621_302800000000000_NG527TH |0 0 |6 621_302800000000000_NG527TH | ||
| 952 | |0 0 |1 0 |2 ddc |4 0 |6 621_302800000000000_NG527TH |7 0 |8 600 |9 38300 |a qbu |b qbu |c D3 |d 2014-12-17 |g 14500 |o 621.3028 NG527TH |p 2047.c3 |r 0000-00-00 |w 2014-12-17 |y STK0 |0 0 |6 621_302800000000000_NG527TH |0 0 |6 621_302800000000000_NG527TH | ||
| 952 | |0 0 |1 0 |2 ddc |4 0 |6 621_302800000000000_NG527TH |7 0 |8 600 |9 38301 |a qbu |b qbu |c D3 |d 2014-12-17 |g 14500 |o 621.3028 NG527TH |p 2047.c4 |r 0000-00-00 |w 2014-12-17 |y STK0 |0 0 |6 621_302800000000000_NG527TH |0 0 |6 621_302800000000000_NG527TH | ||